<?xml version="1.0" encoding="UTF-8"?>
<collection xmlns="http://www.loc.gov/MARC21/slim">
    <record>
        <controlfield tag="001">31818</controlfield>
        <controlfield tag="005">20160204081652.0</controlfield>
        <datafield tag="037" ind1=" " ind2=" ">
            <subfield code="a">TAZ-TFG-2015-1178</subfield>
        </datafield>
        <datafield tag="041" ind1=" " ind2=" ">
            <subfield code="a">spa</subfield>
        </datafield>
        <datafield tag="100" ind1="1" ind2=" ">
            <subfield code="a">Sancho Gómez, Clara</subfield>
        </datafield>
        <datafield tag="245" ind1="0" ind2="0">
            <subfield code="a">Problemas de la visión binocular en las aulas de Educación Infantil</subfield>
        </datafield>
        <datafield tag="260" ind1=" " ind2=" ">
            <subfield code="a">Zaragoza</subfield>
            <subfield code="b">Universidad de Zaragoza</subfield>
            <subfield code="c">2015</subfield>
        </datafield>
        <datafield tag="506" ind1=" " ind2=" ">
            <subfield code="a">by-nc-sa</subfield>
            <subfield code="b">Creative Commons</subfield>
            <subfield code="c">3.0</subfield>
            <subfield code="u">http://creativecommons.org/licenses/by-nc-sa/3.0/</subfield>
        </datafield>
        <datafield tag="520" ind1=" " ind2=" ">
            <subfield code="a">El sistema visual es uno de los sentidos más importantes que tenemos, ya que nos permite una interacción continua con el mundo que nos rodea. De pequeños, al igual que aprendemos a hablar y andar, debemos aprender a mirar y a ver. Poco a poco el cerebro irá configurando nuestro esquema visual para el procesado de las imágenes.  Los primeros años de vida son fundamentales ya que se termina de desarrollar el sistema visual. Por ello, los docentes de Educación Infantil tendremos que estar atentos a cualquier señal que nos indique que este desarrollo se ve afectado en nuestros alumnos. En muchas ocasiones, vemos como bajan sus rendimientos escolares y buscamos causas que lo justifique. Entre éstas tenemos los problemas visuales como el “ojo vago” o las forias que pueden afectar a la visión estereoscópica. Por ello, crearemos un programa para detectar las principales alteraciones de la visión binocular y un plan de ejercicios que pueda disminuir este déficit con terapia visual.</subfield>
        </datafield>
        <datafield tag="521" ind1=" " ind2=" ">
            <subfield code="a">Graduado en Maestro Educación Infantil</subfield>
        </datafield>
        <datafield tag="540" ind1=" " ind2=" ">
            <subfield code="a">Derechos regulados por licencia Creative Commons</subfield>
        </datafield>
        <datafield tag="700" ind1=" " ind2=" ">
            <subfield code="a">Gracia Llanes, Javier</subfield>
            <subfield code="e">dir.</subfield>
        </datafield>
        <datafield tag="710" ind1="2" ind2=" ">
            <subfield code="a">Universidad de Zaragoza</subfield>
            <subfield code="b">Didáctica de las Ciencias Experimentales</subfield>
            <subfield code="c"></subfield>
        </datafield>
        <datafield tag="856" ind1="0" ind2=" ">
            <subfield code="f">589697@celes.unizar.es</subfield>
        </datafield>
        <datafield tag="856" ind1="4" ind2=" ">
            <subfield code="s">2119117</subfield>
            <subfield code="u">http://zaguan.unizar.es/record/31818/files/TAZ-TFG-2015-1178.pdf</subfield>
            <subfield code="y">Memoria (spa)</subfield>
        </datafield>
        <datafield tag="909" ind1="C" ind2="O">
            <subfield code="o">oai:zaguan.unizar.es:31818</subfield>
            <subfield code="p">driver</subfield>
            <subfield code="p">trabajos-fin-grado</subfield>
        </datafield>
        <datafield tag="950" ind1=" " ind2=" ">
            <subfield code="a"></subfield>
        </datafield>
        <datafield tag="951" ind1=" " ind2=" ">
            <subfield code="a">deposita:2015-08-25</subfield>
        </datafield>
        <datafield tag="980" ind1=" " ind2=" ">
            <subfield code="a">TAZ</subfield>
            <subfield code="b">TFG</subfield>
            <subfield code="c">FCHE</subfield>
        </datafield>
    </record>

    
</collection>